The Simpsons' "Mediocre Presidents" - Statistics

General Stats
  • This quiz has been taken 39 times
  • The average score is 4 of 5
Answer Stats
President Whose Face You Won't Find on Dollars or on Cents % Correct
John Tyler
79%
William Henry Harrison
79%
Rutherford B. Hayes
76%
Zachary Taylor
74%
Millard Fillmore
68%
No matching quizzes found
Score Distribution
Percent of People with Each Score
Percentile by Number Answered
Your Score History
You have not taken this quiz